000 00312nam a22001457a 4500
008 230926b ||||| |||| 00| 0 eng d
020 _a9780253206299
041 _aeng
080 _a101
082 _a101FON
100 _a44
101 _aFILOZ
245 _aBEYOND METHODOLOGY
_cFONOW.M.M
942 _2udc
_cBK
999 _c60398
_d60398